LEADER 01026nam0-2200277 --450 001 9911071323003321 005 20260330154653.0 010 $a88-422-0182-0 100 $a20260330d1989----kmuy0itay5050 ba 101 0 $aita 102 $aIT 105 $a 001yy 200 1 $aArte italiana nella collezione della Banca commerciale italiana a Londra$eBurri, Capogrossi, Dorazio, Novelli$fprefazione di Henry Meyric Hughes$gtesti di Filiberto Menna e Giorgio Verzotti$gnota di Vittorio Corna$gschede critiche di Loredana Parmesani 210 $aTorino$cAllemandi$d1989 215 $a134 p.$cill.$d25x24 cm. 702 1$aMenna,$bFiliberto 702 1$aParmesani,$bLoredana 702 1$aVerzotti,$bGiorgio 710 02$aBanca commerciale italiana$0375079 801 0$aIT$bUNINA$gREICAT$2UNIMARC 901 $aBK 912 $a9911071323003321 952 $a709.04 BCI 03$b2026/708$fFLFBC 959 $aFLFBC 996 $aArte italiana nella collezione della Banca commerciale italiana a Londra$94557763 997 $aUNINA